| 000 | 01207cam a2200325 a 4500 | ||
|---|---|---|---|
| 001 | 16468773 | ||
| 003 | EG-ScBUE | ||
| 005 | 20250511100249.0 | ||
| 008 | 100921s2011 enka f b 001 0 eng d | ||
| 020 | _a9780415572873 (pbk.) | ||
| 040 |
_aDLC _beng _erda _cDLC _dDLC _dEG-ScBUE |
||
| 082 | 0 | 4 |
_a745.409 _222 _bGLO |
| 245 | 0 | 0 |
_aGlobal design history / _cedited by Glenn Adamson, Giorgio Riello and Sarah Teasley. |
| 250 | _aFirst edition. | ||
| 264 | 1 |
_aAbingdon, OX ; _aNew York : _bRoutledge, _c2011. |
|
| 300 |
_axiv, 225 pages : _billustrations ; _c24 cm |
||
| 336 |
_2rdacontent _atext _btxt |
||
| 337 |
_2rdamedia _aunmediated _bn |
||
| 338 |
_2rdacarrier _avolume _bnc |
||
| 504 | _aIncludes bibliographical references and index. | ||
| 650 | 7 |
_aDesign _xHistory. _2BUEsh |
|
| 650 | 7 |
_aCulture and globalization. _2BUEsh |
|
| 655 | _vReading book | ||
| 700 | 1 |
_aAdamson, Glenn, _eeditor. |
|
| 700 | 1 |
_aRiello, Giorgio, _eeditor. |
|
| 700 | 1 |
_aTeasley, Sarah, _d1973- _eeditor. |
|
| 906 |
_a7 _bcbc _corignew _d1 _eecip _f20 _gy-gencatlg |
||
| 942 |
_2ddc _cBB |
||
| 999 |
_c30959 _d30930 |
||